Практический курс русского языка. В 3 частях. Часть 1. Грамматика научного стиля речи, Учебное пособие для иностранных студентов медицинских университетов с русским языком обучения

Dades bibliogràfiques
Autor principal: М. С. Фильцова
Sumari:Книга находится в премиум-версии платформы «Русский как иностранный».
Цель настоящего учебного пособия — создать речевую основу для включения иностранных обучающихся 1-го курса медицинского вуза в актуальные для них сферы общения (учебно-профессиональную и социокультурную сферы повседневного общения). Тематика текстов и их содержание соответствуют требованиям программы и учебных планов по курсам специальных дисциплин (анатомии, гистологии, биологии и др.). Курс рассчитан на работу в аудитории под руководством преподавателя, а также включает в себя задания для самостоятельной работы, содержащие лексико-грамматический материал, в определённой степени уже знакомый студентам, но требующий систематизации и коррекции.
Publicat: Москва, Ай Пи Ар Медиа, 2024
Matèries:
Accés en línia:Перейти к просмотру издания
Format: MixedMaterials Electrònic

MARC

LEADER 00000 a2200000 4500
001 RU/ROS-EDU.RU/142741
856 4 |u https://www.ros-edu.ru/book?id=142741  |z Перейти к просмотру издания 
010 |a 978-5-4497-3591-1 (ч. 1), 978-5-4497-3590-4 
100 |a 20240101d2024 |||y0rusy0250  
105 |a y z 000zy 
101 0 |a rus 
102 |a RU 
200 1 |a Практический курс русского языка. В 3 частях. Часть 1. Грамматика научного стиля речи  |b Электронный ресурс  |e Учебное пособие для иностранных студентов медицинских университетов с русским языком обучения  |f М. С. Фильцова 
700 1 |b М. С.  |a Фильцова  |4 070 
330 |a Цель настоящего учебного пособия — создать речевую основу для включения иностранных обучающихся 1-го курса медицинского вуза в актуальные для них сферы общения (учебно-профессиональную и социокультурную сферы повседневного общения). Тематика текстов и их содержание соответствуют требованиям программы и учебных планов по курсам специальных дисциплин (анатомии, гистологии, биологии и др.). Курс рассчитан на работу в аудитории под руководством преподавателя, а также включает в себя задания для самостоятельной работы, содержащие лексико-грамматический материал, в определённой степени уже знакомый студентам, но требующий систематизации и коррекции. 
210 |a Москва  |c Ай Пи Ар Медиа  |d 2024 
610 1 |a русский язык 
610 1 |a грамматика 
610 1 |a научный стиль 
610 1 |a стиль речи 
610 1 |a иностранный студент-медик 
610 1 |a профессиональный язык 
610 1 |a медицинский вуз 
610 1 |a учебно-профессиональное общение 
610 1 |a повседневное общение 
610 1 |a русский как иностранный 
675 |a 811.161 
686 |a 81.2  |2 rubbk 
300 |a Книга находится в премиум-версии платформы «Русский как иностранный». 
215 |a 278 с.